Loading...
Sreenarayana guru oru samagrapatanam
| Hovedforfatter: | |
|---|---|
| Format: | Printed Book |
| Udgivet: |
Thiruvanamthapuram:
Jayakrishna publications.
|
| Fag: |
| LEADER | 00480nam a22001214a 4500 | ||
|---|---|---|---|
| 082 | |a 928.94812 | ||
| 100 | |a Jayakumar Vijayalayam, | ||
| 260 | |a Thiruvanamthapuram: |b Jayakrishna publications. | ||
| 650 | |a Sreenarayana guru oru samagrapatanam | ||
| 245 | |a Sreenarayana guru oru samagrapatanam |c by Vijayalayam Jayakumar | ||
| 942 | |c BK | ||
| 999 | |c 247108 |d 247108 | ||
| 952 | |0 0 |1 0 |4 0 |6 928_948120000000000_JAY |7 0 |8 G |9 262461 |a HIS |b HIS |d 2020-01-04 |l 0 |o 928.94812 JAY |p HIS9191 |r 2020-01-04 |t 1 |w 2020-01-04 |y BK | ||